|
|
|
|
| LEADER |
00974nam a22002657a 4500 |
| 001 |
42512 |
| 003 |
BD-DhAAL |
| 005 |
20240423150704.0 |
| 008 |
240423t2017 enka|||| |||| 00| 0 eng d |
| 040 |
|
|
|a BD-DhAAL
|d BD-DhAAL
|
| 082 |
|
|
|a 330.905
|
| 245 |
|
|
|a The economist,
|b Sep-Dec 2017.
|
| 264 |
|
|
|a London :
|b The Economist Newspaper Ltd.,
|c 2013.
|
| 300 |
|
|
|a v. :
|b illustrations ;
|c 27 cm.
|
| 362 |
|
|
|a Vol. 424, no. 9056.
|
| 500 |
|
|
|a This book contains volume 424, number 9056.
|
| 541 |
|
|
|a International Book Agency
|e 42512
|
| 650 |
|
|
|a Economic history
|v Periodicals.
|9 670
|
| 650 |
|
|
|a Commerce
|v Periodicals.
|9 1922
|
| 650 |
|
|
|a Economics
|v Periodicals.
|9 1923
|
| 650 |
|
|
|a Economic history.
|
| 852 |
|
|
|a Ayesha Abed Library
|c Reference Section
|
| 942 |
|
|
|2 ddc
|c BK
|
| 999 |
|
|
|c 46547
|d 46547
|
| 952 |
|
|
|0 0
|1 0
|2 ddc
|4 0
|6 330_905000000000000_ECO
|7 1
|9 75374
|a BRACUL
|b BRACUL
|c REF
|d 2024-04-23
|e International Book Agency
|l 0
|o 330.905 ECO
|p 3010042512
|r 2024-04-23
|t 1
|w 2024-04-23
|y BK
|